Best NBA player at every ring total - Statistics

General Stats
  • This quiz has been taken 48 times
    44 since last reset
  • The average score is 8 of 11
Answer Stats
# of rings Answer % Correct
11 Bill Russell
95%
6 Michael Jordan
95%
4 Lebron James
93%
5 Kobe Bryant
90%
2 Wilt Chamberlain
68%
3 Larry Bird
59%
0 Karl Malone
56%
8 John Havlicek
54%
10 Sam Jones
51%
1 Dirk Nowitzki
49%
7 Robert Horry
49%
No matching quizzes found
Score Distribution
Percent of People with Each Score
Percentile by Number Answered
Your Score History
You have not taken this quiz since the last reset